| 000 | 00398nam a2200157 a 4500 | ||
|---|---|---|---|
| 005 | 20140412111223.0 | ||
| 008 | 091210s19uu xx 00 eng d | ||
| 020 | _a978-1-84193-391-7 | ||
| 050 |
_aM 634.9 _bH24 2008 |
||
| 100 | _aHarrison, Paul | ||
| 245 |
_aJungle / _cPaul Harrison. |
||
| 260 |
_aLondon : _bWS Pacific, _c2006. |
||
| 300 | _aunp. | ||
| 440 | _a3-D Thrillers! | ||
| 999 |
_c101968 _d101968 |
||